Processing Behavior of Electrodes Made with Addition of Nanopowder; IOP Conference Series: Earth and Environmental Science; Vol. 224 : Ecology and safety in the technosphere: current problems and solutions (EST 2018)
| Parent link: | IOP Conference Series: Earth and Environmental Science Vol. 224 : Ecology and safety in the technosphere: current problems and solutions (EST 2018).— 2019.— [012015, 5 p.] |
|---|---|
| Autor Principal: | |
| Autor Corporativo: | |
| Outros autores: | |
| Summary: | Title screen The study analyzes the processing behavior of welding electrodes made with addition of nanopowder, and compares them to standard welding electrodes (without addition of nanopowder). The effect of nanopowder of complex composition on the electrode metal transfer process is analyzed as well. |
| Idioma: | inglés |
| Publicado: |
2019
|
| Subjects: | |
| Acceso en liña: | http://dx.doi.org/10.1088/1755-1315/224/1/012015 http://earchive.tpu.ru/handle/11683/55427 |
| Formato: | Electrónico Capítulo de libro |
| KOHA link: | https://koha.lib.tpu.ru/cgi-bin/koha/opac-detail.pl?biblionumber=660525 |
MARC
| LEADER | 00000nla2a2200000 4500 | ||
|---|---|---|---|
| 001 | 660525 | ||
| 005 | 20231102030419.0 | ||
| 035 | |a (RuTPU)RU\TPU\network\29993 | ||
| 035 | |a RU\TPU\network\29992 | ||
| 090 | |a 660525 | ||
| 100 | |a 20190722d2019 k y0engy50 ba | ||
| 101 | 0 | |a eng | |
| 102 | |a GB | ||
| 105 | |a y z 100zy | ||
| 135 | |a vrcn ---uucaa | ||
| 181 | 0 | |a i | |
| 182 | 0 | |a b | |
| 200 | 1 | |a Processing Behavior of Electrodes Made with Addition of Nanopowder |f S. V. Makarov, D. A. Chinakhov | |
| 203 | |a Text |c electronic | ||
| 300 | |a Title screen | ||
| 320 | |a [References: 11 tit.] | ||
| 330 | |a The study analyzes the processing behavior of welding electrodes made with addition of nanopowder, and compares them to standard welding electrodes (without addition of nanopowder). The effect of nanopowder of complex composition on the electrode metal transfer process is analyzed as well. | ||
| 461 | 1 | |0 (RuTPU)RU\TPU\network\2499 |t IOP Conference Series: Earth and Environmental Science | |
| 463 | 1 | |0 (RuTPU)RU\TPU\network\29410 |t Vol. 224 : Ecology and safety in the technosphere: current problems and solutions (EST 2018) |o All-Russian research-to-practice conference, 22–24 November 2018, Yurga, Russian Federation |v [012015, 5 p.] |d 2019 | |
| 610 | 1 | |a электронный ресурс | |
| 610 | 1 | |a труды учёных ТПУ | |
| 610 | 1 | |a электроды | |
| 610 | 1 | |a нанопорошки | |
| 610 | 1 | |a сварочные электроды | |
| 610 | 1 | |a электродные металлы | |
| 610 | 1 | |a наноматериалы | |
| 610 | 1 | |a производственные процессы | |
| 610 | 1 | |a электродные покрытия | |
| 700 | 1 | |a Makarov |b S. V. |c specialist in the field of informatics and computer technology |c Senior Lecturer of Yurga Institute of Technology of Tomsk Polytechnic University |f 1988- |g Sergey Viktorovich |2 stltpush |3 (RuTPU)RU\TPU\pers\36167 |9 19264 | |
| 701 | 1 | |a Chinakhov |b D. A. |c Specialist in the field of welding production |c Associate Professor of Yurga technological Institute of Tomsk Polytechnic University |f 1973- |g Dmitriy Anatol'evich |2 stltpush |3 (RuTPU)RU\TPU\pers\31926 |9 15996 | |
| 712 | 0 | 2 | |a Национальный исследовательский Томский политехнический университет |b Юргинский технологический институт (филиал) |b Отделение промышленных технологий |h 8376 |2 stltpush |3 (RuTPU)RU\TPU\col\24717 |
| 801 | 1 | |a RU |b 63413507 |c 20150101 |g RCR | |
| 801 | 2 | |a RU |b 63413507 |c 20190807 |g RCR | |
| 856 | 4 | |u http://dx.doi.org/10.1088/1755-1315/224/1/012015 | |
| 856 | 4 | |u http://earchive.tpu.ru/handle/11683/55427 | |
| 942 | |c CF | ||